| 000 | 00521cam a2200157u 4500 | ||
|---|---|---|---|
| 082 |
_a621.8 _bCHA _cL-24, P-31 |
||
| 100 | 1 |
_aChapman, William Arthur James. [from old catalog] _939459 |
|
| 245 | 1 | 0 |
_aWorkshop technology. _cChapman, William Arthur James. [from old catalog] _bPart-III |
| 250 | _a[2d ed.] | ||
| 260 |
_aLondon, _bArnold _c[1968-] |
||
| 300 |
_axii, 563 p. _billus. _c22 cm. |
||
| 526 |
_a0 _b0 _c0 _d621_800000000000000_CHA |
||
| 650 | 0 |
_aMachine-shop practice. _936237 |
|
| 650 | 0 |
_aMCE _9379 |
|
| 942 |
_2ddc _cBK |
||
| 999 |
_c545941 _d545941 |
||